000 01273nam0a22003131 4500
001 v19\rc\1506672
005 20260406155126.0
035 _a(NLR Aleph) 004632410
090 _a3184833
_c3184833
100 _a20060620d1883 |||y0rusy50 ca
101 0 _arus
102 _aRU
105 _ac z |||||
200 1 _aМосковское Филаретовское епархиальное женское училище
_eИст. излож. его судьбы в пятидесятилет. период 1832-1882 гг.
210 _aМосква
_cтип. быв. А.В. Кудрявцевой
_d1883
215 _a[4], IV, 199 с., 1 л. портр.
_d21
300 _aВ конце предисл. авт.: свящ. Севериан Сперанский
700 1 _aСперанский
_bС.В.
_f1845-1892
_gСевериан Васильевич
712 0 2 _aМосковское епархиальное Филаретовское женское уч-щео
_3RU\NLR\AUTH\889930445
_9356452
801 0 _aRU
_bNLR
_gpsbo
801 0 _aRU
_bRuMoRGB
_2psbo
801 1 _aRU
_bProSoft-M
_2rusmarc
852 _aNLR
_j18.141.4.67
899 _aRuMoRGB
_jF 106/266
899 _aRuMoRGB
_jT 8/148
899 _aБАН
899 _aГПИБ
942 _cBOOK
980 _aNB